History General Knowledge #14 - Statistics

General Stats
  • This quiz has been taken 280 times
  • The average score is 12 of 19
Answer Stats
Question Answer % Correct
Who was the author of the Communist Manifesto? Karl Marx
88%
Who was the first female prime minister of the UK? Margaret Thatcher
88%
Who was the founder of the Mongol Empire? Genghis Khan
86%
What was the capital of the Byzantine Empire? Constantinople
84%
Who was the first woman to fly across the Atlantic Ocean? Amelia Earhart
83%
What event marked the beginning of World War I? Assasination of Archduke Franz Ferdinand
80%
What main war was a partial effect of the Treaty of Versailles? World War II
79%
What ship did the pilgrims arrive on in 1620? Mayflower
74%
Who was the first Emperor of Rome? Augustus Caesar
73%
Who was the first female ruler of Russia? Catherine the Great
71%
Which explorer first circumnavigated the world? Ferdinand Magellan
64%
Who was the leader of the USSR during the Cuban Missile Crisis? Nikita Khrushchev
60%
Who was the first female leader of England? Queen Mary I
53%
What was the name of the first English settlement of North America? Jamestown
47%
Who was the first explorer to reach India by sea? Vasco de Gama
46%
What was the main goal of the crusades? Reclaim Jerusalem
44%
Who was the longest reining pharaoh of Egypt? Ramses II
34%
What was the name of the ship that sank during WWI that became a symbol of the tragedy of war? RMS Lusitania
32%
Which ancient civilization invent the concept of zero? The Mayans
20%
No matching quizzes found
Score Distribution
Percent of People with Each Score
Percentile by Number Answered
Your Score History
You have not taken this quiz